<?xml version="1.0" encoding="UTF-8"?>
<record
    xmlns:xsi="http://www.w3.org/2001/XMLSchema-instance"
    xsi:schemaLocation="http://www.loc.gov/MARC21/slim http://www.loc.gov/standards/marcxml/schema/MARC21slim.xsd"
    xmlns="http://www.loc.gov/MARC21/slim">

  <leader>00763nam a2200205Ia 4500</leader>
  <controlfield tag="003">OSt</controlfield>
  <controlfield tag="005">20240423111617.0</controlfield>
  <controlfield tag="008">210210b1995   xxu||||| |||| 00| 0 eng d</controlfield>
  <datafield tag="040" ind1=" " ind2=" ">
    <subfield code="c">AL</subfield>
  </datafield>
  <datafield tag="041" ind1=" " ind2=" ">
    <subfield code="a">Kannada</subfield>
  </datafield>
  <datafield tag="082" ind1=" " ind2=" ">
    <subfield code="a">973K AJJA</subfield>
  </datafield>
  <datafield tag="100" ind1=" " ind2=" ">
    <subfield code="a">AJJAMPURA KRASHNASVAMI.</subfield>
    <subfield code="d">&#xC85;&#xC9C;&#xCCD;&#xC9C;&#xC82;&#xCAA;&#xCC1;&#xCB0; &#xC95;&#xCC3;&#xCB7;&#xCCD;&#xCA3;&#xCB8;&#xCCD;&#xCB5;&#xCBE;&#xCAE;&#xCBF; </subfield>
    <subfield code="9">162066</subfield>
  </datafield>
  <datafield tag="245" ind1=" " ind2=" ">
    <subfield code="a">Agamikara nadu. (Amerika sanyukta rastrada sanksipta itihasa).</subfield>
    <subfield code="b">&#xC86;&#xC97;&#xCAE;&#xCBF;&#xC95;&#xCB0; &#xCA8;&#xCBE;&#xCA1;&#xCC1; (&#xC85;&#xCAE;&#xCC7;&#xCB0;&#xCBF;&#xC95;&#xCBE; &#xCB8;&#xC82;&#xCAF;&#xCC1;&#xC95;&#xCCD;&#xCA4; &#xCB0;&#xCBE;&#xCB7;&#xCCD;&#xC9F;&#xCCD;&#xCB0;&#xCA6; &#xCB8;&#xC82;&#xC95;&#xCCD;&#xCB7;&#xCBF;&#xCAA;&#xCCD;&#xCA4; &#xC87;&#xCA4;&#xCBF;&#xCB9;&#xCBE;&#xCB8;) </subfield>
  </datafield>
  <datafield tag="260" ind1=" " ind2=" ">
    <subfield code="a">Bangalore.</subfield>
    <subfield code="b">Swarnamba Publications.,</subfield>
    <subfield code="c">1995</subfield>
  </datafield>
  <datafield tag="300" ind1=" " ind2=" ">
    <subfield code="a">xxxi,354</subfield>
  </datafield>
  <datafield tag="650" ind1=" " ind2=" ">
    <subfield code="a">USA</subfield>
    <subfield code="9">162067</subfield>
  </datafield>
  <datafield tag="690" ind1=" " ind2=" ">
    <subfield code="a">American History</subfield>
    <subfield code="9">162068</subfield>
  </datafield>
  <datafield tag="906" ind1=" " ind2=" ">
    <subfield code="a">052763</subfield>
  </datafield>
  <datafield tag="942" ind1=" " ind2=" ">
    <subfield code="2">ddc</subfield>
    <subfield code="c">BK</subfield>
  </datafield>
  <datafield tag="999" ind1=" " ind2=" ">
    <subfield code="c">101041</subfield>
    <subfield code="d">101041</subfield>
  </datafield>
  <datafield tag="952" ind1=" " ind2=" ">
    <subfield code="0">0</subfield>
    <subfield code="1">0</subfield>
    <subfield code="4">0</subfield>
    <subfield code="7">0</subfield>
    <subfield code="8">History</subfield>
    <subfield code="a">AL</subfield>
    <subfield code="b">AL</subfield>
    <subfield code="c">History</subfield>
    <subfield code="d">2021-02-17</subfield>
    <subfield code="g">180.00</subfield>
    <subfield code="l">0</subfield>
    <subfield code="o">973K AJJA</subfield>
    <subfield code="p">052763</subfield>
    <subfield code="r">2021-02-17 00:00:00</subfield>
    <subfield code="w">2021-02-17</subfield>
    <subfield code="y">BK</subfield>
  </datafield>
</record>
